[Event "SR 1. liga zapad 2012/2013"]
[Site "?"]
[Date "2013.02.24"]
[Round "9.1"]
[White "Nicolini, Alexander"]
[Black "Hudoba, Ondrej"]
[Result "0-1"]
[WhiteElo "2134"]
[BlackElo "2140"]
[PlyCount "110"]
[EventDate "2012.??.??"]

1. e4 e5 2. Nf3 Nc6 3. d4 exd4 4. Nxd4 Bc5 5. Be3 Qf6 6. c3 Nge7 7. Bc4 Ne5 8.
Be2 d5 9. f4 Ng4 10. Bxg4 Qh4+ 11. Bf2 Qxg4 12. Qxg4 Bxg4 13. e5 h5 14. Nd2
O-O-O 15. b4 Bxd4 16. cxd4 Ng6 17. Be3 Rhe8 18. Kf2 Re6 19. Rhc1 Rb6 20. a3 a5
21. bxa5 Rb5 22. a4 Rxa5 23. Nb3 Ra7 24. a5 Kd7 25. Rc5 Ne7 26. Rac1 b6 27. Rb5
Rb8 28. Bd2 Kd8 29. Bb4 Bd7 30. axb6 Ra2+ 31. Kg1 Rxb6 32. Rxb6 cxb6 33. Ra1
Rxa1+ 34. Nxa1 Nf5 35. Nb3 Ba4 36. Nd2 Nxd4 37. Kf2 Bd1 38. Nf1 Nc6 39. Bf8 g6
40. Ne3 Bb3 41. h3 d4 42. Nf1 Kd7 43. g4 hxg4 44. hxg4 Ke6 45. Nd2 Bd1 46. Nc4
b5 47. f5+ Kd5 48. Nb6+ Kxe5 49. fxg6 fxg6 50. g5 Bg4 51. Bg7+ Ke4 52. Bf6 d3
53. Bc3 Be6 54. Bb2 Nd4 55. Bc3 Nf3 0-1

[Event "SR 1. liga zapad 2012/2013"]
[Site "?"]
[Date "2013.02.24"]
[Round "9.1"]
[White "Nikel, Rastislav"]
[Black "Drtina, Milan"]
[Result "0-1"]
[WhiteElo "2073"]
[BlackElo "2202"]
[PlyCount "56"]
[EventDate "2012.??.??"]

1. d4 d5 2. c4 c6 3. Nf3 e6 4. Nc3 f5 5. Bf4 Nf6 6. e3 Bd6 7. c5 Bc7 8. Bxc7
Qxc7 9. Ne5 O-O 10. Bd3 Nbd7 11. f4 b6 12. b4 a5 13. a3 Nxe5 14. fxe5 Ng4 15.
Ke2 bxc5 16. bxc5 f4 17. e4 Ne3 18. Qg1 Nxg2 19. exd5 f3+ 20. Kd2 exd5 21. Qf2
Qf7 22. Nd1 Qf4+ 23. Kc3 Rb8 24. Nb2 Bf5 25. Bxf5 Qxf5 26. Nd3 Rb3+ 27. Kxb3
Qxd3+ 28. Kb2 Rb8+ 0-1

[Event "SR 1. liga zapad 2012/2013"]
[Site "?"]
[Date "2013.02.24"]
[Round "9.1"]
[White "Svaralova, Monika"]
[Black "Miklas, Marian"]
[Result "0-1"]
[WhiteElo "2021"]
[BlackElo "2142"]
[PlyCount "68"]
[EventDate "2012.??.??"]

1. d4 Nf6 2. c4 g6 3. Nc3 Bg7 4. e4 d6 5. Nf3 O-O 6. Be2 e5 7. O-O Nc6 8. d5
Ne7 9. b4 a5 10. Ba3 axb4 11. Bxb4 b6 12. a4 Ne8 13. Nb5 Kh8 14. a5 bxa5 15.
Bxa5 Ng8 16. Nd2 f5 17. Bb4 Rb8 18. c5 Ngf6 19. f3 Bh6 20. Qc2 Be3+ 21. Kh1 f4
22. Rfb1 Nh5 23. Nf1 Ng3+ 24. Nxg3 fxg3 25. Be1 Bxc5 26. Bxg3 Nf6 27. Bxe5 Kg8
28. Bc3 Nh5 29. Be1 Qg5 30. Qc1 Be3 31. Qc3 Bh3 32. Bf1 Rxf3 33. Bg3 Nxg3+ 34.
hxg3 Bg4 0-1

[Event "SR 1. liga zapad 2012/2013"]
[Site "?"]
[Date "2013.02.24"]
[Round "9.1"]
[White "Szitkey, Milan"]
[Black "Foldesi, Marek"]
[Result "1-0"]
[WhiteElo "2137"]
[BlackElo "2070"]
[PlyCount "87"]
[EventDate "2012.??.??"]

1. e4 e5 2. Nf3 Nc6 3. Bb5 a6 4. Ba4 Nf6 5. d3 d6 6. c3 Be7 7. Nbd2 Bg4 8. h3
Bh5 9. Nf1 b5 10. Bb3 Na5 11. Bc2 c5 12. Ng3 Bg6 13. O-O Nc6 14. Nh4 O-O 15.
Nhf5 Ne8 16. Bb3 Bg5 17. f4 exf4 18. Bxf4 Bxf4 19. Rxf4 Nf6 20. Qe2 Re8 21.
Raf1 d5 22. Nxg7 Kxg7 23. Rxf6 c4 24. dxc4 dxc4 25. Rxc6 cxb3 26. axb3 Qg5 27.
Qf2 Rad8 28. Rc5 Qh6 29. Nf5+ Bxf5 30. Rxf5 Rd2 31. Qg3+ Kh8 32. Rxf7 Rxg2+ 33.
Kxg2 Rg8 34. Rf8 Rxf8 35. Rxf8+ Qxf8 36. Qe5+ Kg8 37. Qg5+ Kh8 38. e5 Qa8+ 39.
Kg3 Qd5 40. h4 Qxb3 41. Qf6+ Kg8 42. e6 h5 43. Qg6+ Kh8 44. e7 1-0

[Event "SR 1. liga zapad 2012/2013"]
[Site "?"]
[Date "2013.02.24"]
[Round "9.1"]
[White "Zatko, Gregor"]
[Black "Vass, Frantisek"]
[Result "0-1"]
[WhiteElo "2148"]
[BlackElo "2292"]
[PlyCount "96"]
[EventDate "2012.??.??"]

1. Nf3 d5 2. d4 Nf6 3. Bf4 g6 4. e3 Bg7 5. Bd3 c5 6. c3 O-O 7. Nbd2 b6 8. a4
Bb7 9. h3 Nbd7 10. O-O Ne4 11. Bc2 Ndf6 12. Nxe4 Nxe4 13. Nd2 Nd6 14. a5 Qd7
15. Qe2 Bc6 16. Ra2 Bb5 17. Bd3 c4 18. Bc2 bxa5 19. Rxa5 Nb7 20. Raa1 a5 21. e4
e6 22. e5 a4 23. Qg4 Na5 24. Nf3 Nb3 25. Rae1 a3 26. bxa3 Rxa3 27. Qh4 Rfa8 28.
Ng5 h6 29. Nf3 Qd8 30. Qg4 Be8 31. Re3 Ra1 32. Ree1 Rxe1 33. Rxe1 Ra2 34. Bb1
Ra1 35. h4 h5 36. Qh3 Qa5 37. Bxg6 Qxc3 38. Rxa1 Qxa1+ 39. Kh2 Nxd4 40. Bxh5
Ne2 41. Qg4 Nxf4 42. Qxf4 c3 43. Ng5 c2 44. Bxf7+ Kh8 45. Qf3 Qxe5+ 46. g3 Qf6
47. Qd3 Qxf2+ 48. Kh3 Qf5+ 0-1

[Event "SR 1. liga zapad 2012/2013"]
[Site "?"]
[Date "2013.02.24"]
[Round "9.2"]
[White "Bednar, Jan"]
[Black "Pinter, Patrik"]
[Result "0-1"]
[WhiteElo "2143"]
[BlackElo "2164"]
[PlyCount "72"]
[EventDate "2012.??.??"]

1. d4 g6 2. c4 Bg7 3. Nc3 c5 4. Nf3 cxd4 5. Nxd4 Nc6 6. Be3 Nf6 7. g3 O-O 8.
Bg2 Ng4 9. Nxc6 Nxe3 10. Nxd8 Nxd1 11. Rxd1 Rxd8 12. O-O Rb8 13. Rd3 b6 14.
Rfd1 d6 15. Nd5 Kf8 16. Ra3 Rd7 17. b3 a5 18. b4 e6 19. Ne3 axb4 20. Rb3 Ra7
21. Rxb4 Ke7 22. Rb3 Bd7 23. a3 Ba4 24. Rbd3 Bxd1 25. Nxd1 Ra4 26. Bc6 Rxc4 27.
Bb5 Rc1 28. Kg2 Rbc8 29. e4 f5 30. f3 R8c2+ 31. Kh3 Ra2 32. Ne3 Rc3 33. Rxc3
Bxc3 34. Nc4 Bd4 35. g4 fxg4+ 36. Kxg4 d5 0-1

[Event "SR 1. liga zapad 2012/2013"]
[Site "?"]
[Date "2013.02.24"]
[Round "9.2"]
[White "Gazik, Igor"]
[Black "Maslik, Miroslav"]
[Result "0-1"]
[WhiteElo "2314"]
[BlackElo "2376"]
[PlyCount "70"]
[EventDate "2012.??.??"]

1. e4 e6 2. d4 d5 3. Nc3 Nf6 4. e5 Nfd7 5. f4 c5 6. Nf3 Nc6 7. Be3 Be7 8. Qd2
O-O 9. g3 a6 10. Ne2 b5 11. Bg2 Qb6 12. O-O b4 13. dxc5 Bxc5 14. Bxc5 Nxc5 15.
Nfd4 a5 16. Rf2 Ne4 17. Bxe4 dxe4 18. Qe3 Rd8 19. Nf5 Qxe3 20. Nxe3 Ba6 21. Rd1
Rxd1+ 22. Nxd1 a4 23. Ne3 a3 24. b3 Bxe2 25. Rxe2 Nd4 26. Rf2 Nb5 27. Rf1 Nc3
28. Ra1 Rd8 29. Nc4 Rd1+ 30. Rxd1 Nxd1 31. Na5 e3 32. Kf1 Nc3 33. Nc6 Nxa2 34.
Ke1 Kf8 35. c4 bxc3 0-1

[Event "SR 1. liga zapad 2012/2013"]
[Site "?"]
[Date "2013.02.24"]
[Round "9.2"]
[White "Gazikova, Veronika"]
[Black "Machalova, Erika"]
[Result "0-1"]
[WhiteElo "2018"]
[BlackElo "2073"]
[PlyCount "62"]
[EventDate "2012.??.??"]

1. e4 c5 2. Nf3 d6 3. d4 cxd4 4. Nxd4 Nf6 5. Nc3 a6 6. Bg5 e6 7. f4 b5 8. e5
dxe5 9. fxe5 Qc7 10. exf6 Qe5+ 11. Be2 Qxg5 12. O-O Nd7 13. Nf3 Qc5+ 14. Kh1
Nxf6 15. Qd3 Bb7 16. b4 Qc7 17. Ng5 Rd8 18. Qe3 Bxb4 19. Nxb5 axb5 20. Bxb5+
Ke7 21. c3 Bc5 22. Qe2 h6 23. Nxf7 Kxf7 24. Rae1 Bc8 25. Bc4 Rhe8 26. Qg4 Kf8
27. Re4 Bd6 28. Qh4 Qe7 29. Rg4 Be5 30. Qh3 Qc7 31. Qh5 Kg8 0-1

[Event "SR 1. liga zapad 2012/2013"]
[Site "?"]
[Date "2013.02.24"]
[Round "9.2"]
[White "Helbich, Branislav"]
[Black "Bochnicka, Vladimir"]
[Result "1-0"]
[WhiteElo "2036"]
[BlackElo "2109"]
[PlyCount "27"]
[EventDate "2012.??.??"]

1. e4 c5 2. Nf3 Nc6 3. d4 cxd4 4. Nxd4 Nf6 5. Nxc6 bxc6 6. Bd3 e5 7. c4 Bc5 8.
Nc3 h6 9. O-O O-O 10. h3 d6 11. Qe2 Rb8 12. b3 Nh7 13. Be3 Bd4 14. Rac1 1-0

[Event "SR 1. liga zapad 2012/2013"]
[Site "?"]
[Date "2013.02.24"]
[Round "9.2"]
[White "Kaniansky, Miroslav"]
[Black "Federic, Jozef"]
[Result "1/2-1/2"]
[WhiteElo "2209"]
[BlackElo "2299"]
[PlyCount "28"]
[EventDate "2012.??.??"]

1. d4 d5 2. Nf3 e6 3. c4 c6 4. e3 Nf6 5. Bd3 Nbd7 6. O-O Bd6 7. Nc3 O-O 8. e4
e5 9. cxd5 cxd5 10. Nxd5 Nxd5 11. exd5 exd4 12. Nxd4 Nb6 13. Nf5 Bxf5 14. Bxf5
Nxd5 1/2-1/2

[Event "SR 1. liga zapad 2012/2013"]
[Site "?"]
[Date "2013.02.24"]
[Round "9.2"]
[White "Lakatos, Vladimir"]
[Black "Machalova, Maria"]
[Result "1-0"]
[WhiteElo "2155"]
[BlackElo "2105"]
[PlyCount "91"]
[EventDate "2012.??.??"]

1. c4 e5 2. Nc3 Nc6 3. g3 d6 4. Bg2 g6 5. e4 Bg7 6. Nge2 f5 7. d3 Nge7 8. Be3
Nd4 9. Qd2 O-O 10. h4 h5 11. Bg5 c6 12. Nxd4 exd4 13. Ne2 Qe8 14. Nf4 Kh7 15.
O-O-O Ng8 16. Rde1 Qf7 17. f3 b5 18. exf5 Bxf5 19. g4 Bd7 20. gxh5 gxh5 21. b3
bxc4 22. dxc4 Be5 23. Nd3 Bg7 24. f4 a5 25. Qc2 Kh8 26. c5 a4 27. b4 dxc5 28.
Nxc5 Bf5 29. Be4 d3 30. Bxd3 Qd5 31. Bxf5 Rxf5 32. Rd1 Qf3 33. Qd3 Qg2 34. Qd2
Qf3 35. Qd3 Qg2 36. Qc2 Qf3 37. Qxf5 Qa3+ 38. Kd2 Qxb4+ 39. Ke3 Re8+ 40. Ne4
Qc3+ 41. Kf2 Qb2+ 42. Rd2 Qb4 43. Re2 Qd4+ 44. Kf3 Qd3+ 45. Re3 Qc2 46. Qg6 1-0

[Event "SR 1. liga zapad 2012/2013"]
[Site "?"]
[Date "2013.02.24"]
[Round "9.2"]
[White "Machalova, Veronika"]
[Black "Hanko, Pavol"]
[Result "0-1"]
[WhiteElo "2211"]
[BlackElo "2157"]
[PlyCount "80"]
[EventDate "2012.??.??"]

1. e4 c5 2. Nf3 e6 3. d3 Nc6 4. g3 g6 5. Bg2 Bg7 6. O-O Nge7 7. c3 O-O 8. Qe2
b6 9. Re1 Ba6 10. Nbd2 d6 11. Nf1 b5 12. Ne3 d5 13. Ng4 d4 14. e5 dxc3 15. bxc3
b4 16. c4 Nf5 17. Bg5 Qc7 18. Qd2 Bb7 19. Nf6+ Kh8 20. Qf4 a5 21. Qg4 Ncd4 22.
Qh3 h5 23. g4 Nxf3+ 24. Bxf3 Bxf3 25. Qxf3 Nd4 26. Qh3 Qb7 27. Re4 Bxf6 28.
Bxf6+ Kh7 29. gxh5 g5 30. h6 a4 31. Qh5 b3 32. axb3 axb3 33. Rb1 b2 34. Bg7 Ra1
35. Ree1 Rxb1 36. Rxb1 Nf3+ 37. Kg2 Nd2+ 38. f3 Nxb1 39. Bxf8 Nd2 40. Qxg5
Qxf3+ 0-1

[Event "SR 1. liga zapad 2012/2013"]
[Site "?"]
[Date "2013.02.24"]
[Round "9.2"]
[White "Rohacek, Miroslav"]
[Black "Dobrotka, Martin"]
[Result "0-1"]
[WhiteElo "2308"]
[BlackElo "2235"]
[PlyCount "62"]
[EventDate "2012.??.??"]

1. d4 Nf6 2. Nf3 d6 3. c4 g6 4. Nc3 Bg7 5. g3 c6 6. Bg2 Qa5 7. O-O Qh5 8. e4
Bg4 9. Qb3 b6 10. Ne1 Bh3 11. Nd3 Bxg2 12. Kxg2 O-O 13. f3 Qa5 14. Be3 Qa6 15.
Rfd1 Qc8 16. c5 Nfd7 17. Rac1 dxc5 18. dxc5 b5 19. a4 bxa4 20. Qxa4 Ne5 21. Bg5
Re8 22. Ra1 Nxd3 23. Rxd3 Nd7 24. Be3 Ne5 25. Rdd1 Qe6 26. Qc2 Reb8 27. Ra4 Nc4
28. Bc1 Rxb2 29. Qxb2 Nxb2 30. Rxa7 Re8 31. Bxb2 Qb3 0-1

[Event "SR 1. liga zapad 2012/2013"]
[Site "?"]
[Date "2013.02.24"]
[Round "9.3"]
[White "Bury, Rastislav"]
[Black "Michal, Silvio"]
[Result "1/2-1/2"]
[WhiteElo "2099"]
[BlackElo "2105"]
[PlyCount "131"]
[EventDate "2012.??.??"]

1. Nf3 Nf6 2. g3 b5 3. Bg2 Bb7 4. O-O e6 5. b3 Be7 6. c4 b4 7. d4 O-O 8. a3 a5
9. Bb2 Na6 10. Nbd2 d6 11. a4 Nb8 12. Qc2 Nbd7 13. Rad1 Qb8 14. e4 Rd8 15. Rfe1
Qa7 16. h3 Rac8 17. g4 Nf8 18. Nf1 Ng6 19. Ng3 Nf4 20. Bf1 h6 21. d5 e5 22. Bc1
Nd7 23. Nf5 Bf8 24. Be3 Nc5 25. Kh2 g6 26. Ng3 Bg7 27. Ng1 Rf8 28. N1e2 Nxe2
29. Bxe2 Rce8 30. Rg1 Bc8 31. Rb1 Bd7 32. Qc1 Kh7 33. Qf1 Qb8 34. f3 Qd8 35.
Qf2 Qe7 36. Qg2 Rg8 37. Bxc5 dxc5 38. Bd3 Bf6 39. Qf2 Bg5 40. Ne2 Ref8 41. Rbf1
f5 42. Qe1 Be3 43. Rh1 fxg4 44. fxg4 Qg5 45. Rxf8 Rxf8 46. Rf1 Rxf1 47. Qxf1
Kg7 48. Qf3 Bd2 49. Qf2 Qe3 50. Qxe3 Bxe3 51. Kg3 Kf6 52. h4 Bd2 53. Kf3 h5 54.
g5+ Ke7 55. Bc2 Be1 56. Ng3 Bg4+ 57. Kg2 Kf7 58. Kh2 Bf3 59. Kh3 Bf2 60. Kh2
Ke7 61. Kh3 Kd6 62. Kh2 c6 63. dxc6 Kxc6 64. Kh3 Kd6 65. Kh2 Ke6 66. Kh3
1/2-1/2

[Event "SR 1. liga zapad 2012/2013"]
[Site "?"]
[Date "2013.02.24"]
[Round "9.3"]
[White "Gasa, Andrej"]
[Black "Janos, Ivan"]
[Result "1-0"]
[WhiteElo "2282"]
[BlackElo "2145"]
[PlyCount "97"]
[EventDate "2012.??.??"]

1. e4 c5 2. Nf3 Nc6 3. Bb5 g6 4. Bxc6 dxc6 5. h3 Bg7 6. O-O e5 7. d3 Nf6 8. Be3
Qe7 9. Qd2 h6 10. Nc3 b6 11. a4 a5 12. Nh2 Be6 13. Ne2 Rd8 14. Qc1 Nd7 15. f4
exf4 16. Nxf4 Nf8 17. Nxe6 Nxe6 18. Nf3 Qc7 19. Rb1 Qg3 20. b3 g5 21. Qe1 Qc7
22. Bd2 O-O 23. g4 Rfe8 24. Kg2 Nf4+ 25. Bxf4 gxf4 26. Nh4 Re6 27. Nf5 Be5 28.
Qh4 Kh7 29. Kf3 Rg6 30. g5 f6 31. gxf6 Bxf6 32. Qxf4 Be5 33. Qh4 Rdg8 34. Rg1
Bf6 35. Rxg6 Rxg6 36. Qf2 Bd4 37. Qd2 h5 38. Rf1 h4 39. Qe1 Bf6 40. Qf2 Qd7 41.
Rg1 Qf7 42. Rxg6 Kxg6 43. Qg2+ Bg5 44. Ke2 Qh7 45. Qg4 Qh8 46. Ne3 Qd8 47. Qe6+
Kh7 48. Qf7+ Kh8 49. Ng4 1-0

[Event "SR 1. liga zapad 2012/2013"]
[Site "?"]
[Date "2013.02.24"]
[Round "9.3"]
[White "Kimerling, Martin"]
[Black "Cajka, Tibor"]
[Result "1/2-1/2"]
[WhiteElo "2027"]
[BlackElo "2170"]
[PlyCount "44"]
[EventDate "2012.??.??"]

1. d4 c5 2. d5 b5 3. e4 b4 4. c4 g6 5. Bd3 Bg7 6. f4 d6 7. Nf3 e6 8. O-O Ne7 9.
Nbd2 O-O 10. Qc2 Qb6 11. Kh1 a5 12. a4 bxa3 13. Rxa3 Na6 14. Qd1 Nb4 15. Be2
Qc7 16. Nb1 exd5 17. exd5 Bf5 18. Nc3 Rfb8 19. Ne1 Bd7 20. g4 Bc8 21. Be3 Bb7
22. Kg1 f5 1/2-1/2

[Event "SR 1. liga zapad 2012/2013"]
[Site "?"]
[Date "2013.02.24"]
[Round "9.3"]
[White "Klemanic, Emil"]
[Black "Pagerka, Martin"]
[Result "1-0"]
[WhiteElo "2209"]
[BlackElo "2261"]
[PlyCount "89"]
[EventDate "2012.??.??"]

1. d4 Nf6 2. Nf3 g6 3. c4 Bg7 4. Nc3 O-O 5. e4 d6 6. Bg5 h6 7. Bf4 c5 8. d5 Nh5
9. Be3 e5 10. dxe6 Bxe6 11. Qd2 Kh7 12. Be2 Nc6 13. h3 Nf6 14. O-O Qe7 15. Rad1
Rad8 16. Qc2 Nd7 17. Nd5 Bxd5 18. cxd5 Nb4 19. Qb1 Rb8 20. a3 Na6 21. Nd2 b5
22. f4 Nc7 23. Rf3 a6 24. Nb3 Rbe8 25. e5 f6 26. e6 Nb6 27. Rg3 f5 28. Bf3 Nc4
29. Bc1 Qf6 30. Re1 Nxb2 31. Re2 Nc4 32. h4 Qxh4 33. Rh3 Qf6 34. g3 Qc3 35. g4
fxg4 36. Bxg4 Qf6 37. Qe4 a5 38. Rg2 a4 39. Bh5 axb3 40. Bxg6+ Kh8 41. f5 Qd4+
42. Qxd4 Bxd4+ 43. Kh2 Bg7 44. Bxh6 Bxh6 45. Bf7 1-0

[Event "SR 1. liga zapad 2012/2013"]
[Site "?"]
[Date "2013.02.24"]
[Round "9.3"]
[White "Plachetka, Jan"]
[Black "Tibensky, Robert"]
[Result "1/2-1/2"]
[WhiteElo "2355"]
[BlackElo "2396"]
[PlyCount "25"]
[EventDate "2012.??.??"]

1. d4 d5 2. Nf3 Nf6 3. c4 e6 4. Nc3 Be7 5. Bg5 O-O 6. e3 h6 7. Bxf6 Bxf6 8.
cxd5 exd5 9. Qc2 Re8 10. Be2 c6 11. O-O Qd6 12. Rab1 a5 13. a3 1/2-1/2

[Event "SR 1. liga zapad 2012/2013"]
[Site "?"]
[Date "2013.02.24"]
[Round "9.3"]
[White "Polasek, Filip"]
[Black "Hulla, Stanislav"]
[Result "1/2-1/2"]
[WhiteElo "2093"]
[BlackElo "1931"]
[PlyCount "45"]
[EventDate "2012.??.??"]

1. e4 e6 2. d4 d5 3. e5 c5 4. c3 Nc6 5. Be3 Qb6 6. Qd2 Nh6 7. Bd3 cxd4 8. cxd4
Nf5 9. Ne2 Nxe3 10. fxe3 Nb4 11. O-O Bd7 12. Nbc3 Nxd3 13. Qxd3 Be7 14. a3 Rc8
15. Rfc1 O-O 16. Rc2 f6 17. exf6 Bxf6 18. Rf1 Qb3 19. Rd2 Qc4 20. Qxc4 Rxc4 21.
e4 Bg5 22. Rxf8+ Kxf8 23. Rd3 1/2-1/2

[Event "SR 1. liga zapad 2012/2013"]
[Site "?"]
[Date "2013.02.24"]
[Round "9.3"]
[White "Zacik, Anton"]
[Black "Jozefek, Michal"]
[Result "0-1"]
[WhiteElo "1944"]
[BlackElo "2060"]
[PlyCount "120"]
[EventDate "2012.??.??"]

1. e4 c5 2. d4 cxd4 3. c3 d5 4. exd5 Qxd5 5. cxd4 Nc6 6. Nf3 Bg4 7. Be2 e6 8.
Nc3 Qa5 9. O-O Nf6 10. Be3 Be7 11. Qb3 Qb4 12. Qxb4 Bxb4 13. a3 Be7 14. Rfd1
Rd8 15. h3 Bh5 16. Rac1 O-O 17. g4 Bg6 18. Ne5 Nxe5 19. dxe5 Nd7 20. Bxa7 Nxe5
21. Bb6 Rxd1+ 22. Rxd1 Bg5 23. Be3 Bxe3 24. fxe3 Rc8 25. Kf2 f6 26. Rd4 Be8 27.
Ne4 Bc6 28. b4 Bd5 29. Nd6 Rc6 30. Nxb7 Rc2 31. Rxd5 exd5 32. Nd6 Ra2 33. b5
Nd7 34. Nc8 Rxa3 35. b6 Rb3 36. Ne7+ Kf7 37. Nxd5 Nxb6 38. Nxb6 Rxb6 39. Bc4+
Ke7 40. Kf3 Kd6 41. Bg8 h6 42. Kf4 Rb5 43. Bf7 Re5 44. Bg6 Kc5 45. h4 Kc4 46.
h5 Kc3 47. Kf3 Kd2 48. e4 Kd3 49. Bh7 Kd4 50. Bg6 Rc5 51. Kf4 Ra5 52. Bf7 Re5
53. Bg6 Kc5 54. Bf7 Kd6 55. Bg6 Ra5 56. Bf7 Ke7 57. Bg6 Ra1 58. Bf5 Rf1+ 59.
Ke3 Kd6 60. Kd4 Rd1+ 0-1

[Event "SR 1. liga zapad 2012/2013"]
[Site "?"]
[Date "2013.02.24"]
[Round "9.4"]
[White "Bombek, Peter"]
[Black "Danada, Tomas"]
[Result "0-1"]
[WhiteElo "2264"]
[BlackElo "2098"]
[PlyCount "98"]
[EventDate "2012.??.??"]

1. e4 g6 2. d4 Bg7 3. Nf3 d6 4. Nc3 a6 5. Be3 b5 6. Be2 Bb7 7. a3 Nd7 8. O-O e6
9. Qd2 h6 10. Rad1 Ne7 11. Rfe1 g5 12. h3 Ng6 13. d5 e5 14. Na2 Nf4 15. c4 h5
16. Bxf4 exf4 17. cxb5 g4 18. Nd4 gxh3 19. Qxf4 hxg2 20. Nf5 Be5 21. Qh4 Qxh4
22. Nxh4 Bxb2 23. a4 a5 24. Rb1 Bf6 25. Nxg2 Nb6 26. Bd1 Kd7 27. Re3 Rag8 28.
Kh1 Rh6 29. Bb3 Rhg6 30. Nf4 Rg4 31. Nh3 Bc8 32. Rg1 Ke7 33. Bd1 Rxg1+ 34. Nxg1
Bd4 35. Rg3 Rxg3 36. fxg3 Bg4 37. Bc2 Bb2 38. Kg2 f5 39. Nf3 fxe4 40. Bxe4 Nxa4
41. Nd2 Nc3 42. Nxc3 Bxc3 43. Nc4 Kf6 44. Kf2 Bd4+ 45. Ke1 Bb6 46. Kd2 Bd7 47.
Bf3 Bxb5 48. Nxb6 cxb6 49. Bxh5 Bc4 0-1

[Event "SR 1. liga zapad 2012/2013"]
[Site "?"]
[Date "2013.02.24"]
[Round "9.4"]
[White "Capak, Stefan"]
[Black "Polacik, Igor"]
[Result "0-1"]
[WhiteElo "2040"]
[BlackElo "2172"]
[PlyCount "66"]
[EventDate "2012.??.??"]

1. d4 Nf6 2. Nf3 g6 3. g3 Bg7 4. Bg2 O-O 5. c4 c5 6. O-O Nc6 7. d5 Na5 8. Qc2
d6 9. Nbd2 a6 10. Rb1 b5 11. b3 Rb8 12. Bb2 e6 13. e4 Bd7 14. Rbd1 bxc4 15.
bxc4 exd5 16. cxd5 Rxb2 17. Qxb2 Nxe4 18. Qa3 Nc3 19. Ra1 Nxd5 20. Rac1 Nb4 21.
Rfd1 Be6 22. Ne4 Nc4 23. Qb3 Nd2 24. Qe3 Nxe4 25. Qxe4 Nxa2 26. Rxc5 dxc5 27.
Rxd8 Rxd8 28. h4 h6 29. Qc6 c4 30. Qb6 Rd1+ 31. Kh2 c3 32. Qb8+ Kh7 33. Qc7 Nb4
0-1

[Event "SR 1. liga zapad 2012/2013"]
[Site "?"]
[Date "2013.02.24"]
[Round "9.4"]
[White "Chovanec, Vladimir"]
[Black "Skrabakova, Katarina"]
[Result "1-0"]
[WhiteElo "2095"]
[BlackElo "1991"]
[PlyCount "67"]
[EventDate "2012.??.??"]

1. e4 c5 2. Nc3 Nc6 3. f4 g6 4. Nf3 Bg7 5. Bb5 Nd4 6. O-O Nxb5 7. Nxb5 a6 8.
Nc3 e6 9. d3 Ne7 10. Be3 b6 11. d4 cxd4 12. Bxd4 O-O 13. Bxg7 Kxg7 14. Qd4+ Kg8
15. Rad1 Qc7 16. Ne5 Rd8 17. Ng4 Qc5 18. Nf6+ Kg7 19. Ne8+ Kf8 20. Nd6 Nc6 21.
Qxc5 bxc5 22. Na4 Rb8 23. b3 Nd4 24. Nxc5 Nxc2 25. Rd2 Nb4 26. f5 gxf5 27. exf5
e5 28. f6 a5 29. Rf5 e4 30. Rh5 e3 31. Rxh7 Kg8 32. Rg7+ Kf8 33. Rxf7+ Kg8 34.
Rd4 1-0

[Event "SR 1. liga zapad 2012/2013"]
[Site "?"]
[Date "2013.02.24"]
[Round "9.4"]
[White "Krajnak, Robert"]
[Black "Belak, Stefan"]
[Result "1-0"]
[WhiteElo "2075"]
[BlackElo "2001"]
[PlyCount "63"]
[EventDate "2012.??.??"]

1. c4 c5 2. Nf3 Nf6 3. d4 cxd4 4. Nxd4 Nc6 5. Nc3 d6 6. e4 g6 7. Be2 Bg7 8. Be3
Bd7 9. Qd2 Rc8 10. f3 a6 11. Rc1 h6 12. O-O h5 13. Rfd1 O-O 14. Bf1 Ne5 15. b3
Bc6 16. Kh1 Qe8 17. Qf2 Kh7 18. h3 Rh8 19. f4 Ned7 20. Nxc6 Rxc6 21. Bd3 e5 22.
f5 Qf8 23. Nd5 Rc8 24. Rf1 Nxd5 25. exd5 Nf6 26. fxg6+ fxg6 27. Qh4 Qe8 28.
Rxf6 Bxf6 29. Qxf6 Rf8 30. Qg5 e4 31. Qh6+ Kg8 32. Bd4 1-0

[Event "SR 1. liga zapad 2012/2013"]
[Site "?"]
[Date "2013.02.24"]
[Round "9.4"]
[White "Kvassay, Peter"]
[Black "Janos, Jozef"]
[Result "0-1"]
[WhiteElo "2028"]
[BlackElo "2152"]
[PlyCount "76"]
[EventDate "2012.??.??"]

1. g3 e5 2. Bg2 Nf6 3. c4 Nc6 4. Nc3 Be7 5. Nf3 O-O 6. d4 d6 7. O-O Bg4 8. d5
Nb8 9. h3 Bc8 10. a3 Nbd7 11. b4 Ne8 12. e4 g6 13. Ne1 Ng7 14. Nd3 f5 15. Be3
Nf6 16. Kh2 Nfh5 17. Qd2 f4 18. gxf4 exf4 19. Nxf4 Nxf4 20. Bxf4 Bf6 21. Be3 g5
22. Rae1 Nh5 23. Ne2 Qe7 24. f4 gxf4 25. Nxf4 Be5 26. Rf3 Qh4 27. Ref1 Bg4 28.
Qf2 Qxf2 29. R3xf2 Bd7 30. Kg1 Nxf4 31. Bxf4 Bd4 32. Kh2 Bxf2 33. Rxf2 Rf6 34.
Kg3 Raf8 35. c5 b6 36. cxd6 cxd6 37. Bf1 h5 38. Bg2 h4+ 0-1

[Event "SR 1. liga zapad 2012/2013"]
[Site "?"]
[Date "2013.02.24"]
[Round "9.4"]
[White "Motuz, Karol"]
[Black "Schwarz, Dusan"]
[Result "1-0"]
[WhiteElo "2397"]
[BlackElo "2305"]
[PlyCount "71"]
[EventDate "2012.??.??"]

1. d4 d5 2. c4 c6 3. Nf3 Nf6 4. Nc3 e6 5. Bg5 dxc4 6. e4 b5 7. e5 h6 8. Bh4 g5
9. Bg3 Nd5 10. Nd2 h5 11. h4 g4 12. Be2 Nd7 13. a4 Bb7 14. O-O a6 15. Nde4 Nxc3
16. bxc3 c5 17. Nd6+ Bxd6 18. exd6 Qb6 19. Re1 cxd4 20. cxd4 Qc6 21. Bf1 Nb6
22. Qb1 O-O-O 23. axb5 axb5 24. Ra5 Nd5 25. Rxb5 Nc3 26. Rxb7 Qxb7 27. Qa1 Nd5
28. Bxc4 Qc6 29. Qa7 Rxd6 30. Rb1 Nc7 31. Rb8+ Kd7 32. Bb5 Qxb5 33. Rxb5 Ra8
34. Qb7 Ra1+ 35. Kh2 Rc6 36. Rc5 1-0

[Event "SR 1. liga zapad 2012/2013"]
[Site "?"]
[Date "2013.02.24"]
[Round "9.4"]
[White "Novak, Ivan"]
[Black "Jakubek, Peter"]
[Result "1/2-1/2"]
[WhiteElo "2193"]
[BlackElo "2136"]
[PlyCount "142"]
[EventDate "2012.??.??"]

1. e4 d5 2. Nc3 d4 3. Nce2 e5 4. f4 f6 5. Nf3 Bd6 6. c3 c5 7. fxe5 fxe5 8. Ng3
Nc6 9. Bc4 Bd7 10. O-O Qe7 11. d3 h6 12. cxd4 cxd4 13. Bd2 O-O-O 14. Rb1 Kb8
15. b4 Rf8 16. b5 Nd8 17. Qb3 g6 18. Ba5 Ne6 19. Bxe6 Qxe6 20. Qxe6 Bxe6 21.
Bb4 Bxb4 22. Rxb4 Ne7 23. Nxe5 Rxf1+ 24. Kxf1 Rc8 25. Ne2 Rc5 26. Nf3 Bxa2 27.
Nfxd4 g5 28. Nf5 Nxf5 29. exf5 Rxf5+ 30. Ke1 Kc7 31. Nc3 Be6 32. Re4 Kd6 33.
Ra4 Bd5 34. g3 Kc5 35. Rxa7 Bg2 36. Ra2 Rf1+ 37. Ke2 Rf5 38. Ke3 Re5+ 39. Kd2
Rf5 40. Ra4 Bd5 41. h4 Rf2+ 42. Ke1 Rf3 43. hxg5 hxg5 44. Nxd5 Kxd5 45. Rg4 Rf5
46. Ke2 Kd6 47. Rd4+ Kc7 48. Re4 Rxb5 49. Re6 Kd7 50. Rg6 Ke7 51. Kf3 Kf7 52.
Rd6 Rb4 53. d4 Ke7 54. Rd5 Kf6 55. Ke4 Rb3 56. Rd6+ Ke7 57. Rh6 Rxg3 58. Rb6
Rc3 59. Rxb7+ Kd6 60. Rg7 Rc6 61. Rxg5 Ke7 62. Rg7+ Ke8 63. Ke5 Rh6 64. d5 Kd8
65. Ra7 Rg6 66. Kf5 Rh6 67. Rg7 Ra6 68. Ke5 Rh6 69. Kd4 Rf6 70. Kc5 Rh6 71. Rf7
Rg6 1/2-1/2

[Event "SR 1. liga zapad 2012/2013"]
[Site "?"]
[Date "2013.02.24"]
[Round "9.5"]
[White "Barczi, Tibor"]
[Black "Peitl, Tomas"]
[Result "0-1"]
[WhiteElo "2070"]
[BlackElo "2220"]
[PlyCount "56"]
[EventDate "2012.??.??"]

1. d4 Nf6 2. g3 g6 3. Bg2 Bg7 4. e4 d6 5. f4 O-O 6. e5 dxe5 7. dxe5 Qxd1+ 8.
Kxd1 Ng4 9. Ke2 Nc6 10. Bxc6 bxc6 11. Nd2 f6 12. h3 Nh6 13. exf6 Bxf6 14. Ngf3
Ba6+ 15. c4 Nf5 16. Kf2 c5 17. Rb1 Nd4 18. b3 Bb7 19. Ba3 g5 20. Bxc5 Ne6 21.
Be3 gxf4 22. gxf4 Bg7 23. Rhe1 Rad8 24. Bxa7 Nxf4 25. Kg3 Bc3 26. Red1 Rd3 27.
Kg4 Bxd2 28. Nxd2 Bc8+ 0-1